000 00467 a2200181 4500
001 129916
022 _a1679-656X
040 _cLeonardo Da Vinci
041 _aInglês
082 _aAMS 2010
_b2010
245 _aAmerican Scientist 67
260 _bSigma
_cMar./Abr. 1979
_aNew York
300 _a256
362 _a20100310
490 _aAmerican Scientist
_v67
697 _aResiduos nucleares
_aExploração de animais
_aMemórias
_aCartas
_aGhemat
942 _cCR
999 _c129916
_d129916